[Event "Spring TNM"]
[Site "San Francisco"]
[Date "2006.05.16"]
[Round "8"]
[White "Carcar, Alex"]
[Black "Chalissery, Jossy"]
[Result "0-1"]
[WhiteElo "1304"]
[BlackElo "1689"]
[PlyCount "98"]
[EventDate "2006.03.28"]
[EventType "swiss"]
[EventRounds "8"]
[EventCountry "USA"]

1. e4 d5 2. exd5 Qxd5 3. Nc3 Qa5 4. Nf3 Nf6 5. Bc4 c6 6. O-O Bf5 7. Re1 e6 8.
Nd4 Be7 9. b3 O-O 10. Bb2 Bg6 11. a3 Bd6 12. b4 Qc7 13. h3 Nbd7 14. Rc1 e5 15.
Nde2 Nb6 16. Ba2 Rad8 17. Ng3 Rfe8 18. Bb3 e4 19. Nce2 Nh5 20. c4 Nxg3 21. fxg3
Bxg3 22. Rf1 Be5 23. Nc3 e3 24. c5 Rxd2 25. cxb6 Qxb6 26. Na4 Rxd1 27. Nxb6
Rxf1+ 28. Rxf1 Bxb2 29. Nc4 e2 30. Nxb2 exf1=Q+ 31. Kxf1 Re3 32. Bc4 Rxa3 33.
Ke2 Be4 34. Kf2 Rc3 35. Kg1 Rc2 36. Bd3 Rxb2 37. Bxe4 Rxb4 38. Bc2 a5 39. Kf2
a4 40. g4 a3 41. Kg3 a2 42. Bxh7+ Kxh7 43. Kh4 a1=Q 44. Kg3 Qe1+ 45. Kf3 Qe4+
46. Kg3 g5 47. h4 Qe3+ 48. Kg2 Rb2+ 49. Kf1 Qc1# 0-1

[Event "Spring TNM"]
[Site "San Francisco"]
[Date "2006.05.16"]
[Round "8"]
[White "Cheng, Andrew"]
[Black "Gurtovoy, Jason"]
[Result "0-1"]
[WhiteElo "1237"]
[BlackElo "1698"]
[PlyCount "128"]
[EventDate "2006.03.28"]
[EventType "swiss"]
[EventRounds "8"]
[EventCountry "USA"]

1. e4 e6 2. d4 d5 3. exd5 exd5 4. Nf3 Nf6 5. Nc3 c6 6. Bd3 Bd6 7. O-O O-O 8.
Re1 Bg4 9. h3 Bh5 10. Be3 Nbd7 11. Be2 Re8 12. a3 Bc7 13. Qd2 Nf8 14. b4 Ne6
15. Rab1 Ne4 16. Nxe4 dxe4 17. Ne5 Nxd4 18. Bxh5 Bxe5 19. Bxd4 Qxd4 20. Qxd4
Bxd4 21. Rbd1 Bb2 22. a4 Bc3 23. Re2 g6 24. Re3 Bxb4 25. Be2 f5 26. Rb3 Ba5 27.
Rxb7 Reb8 28. Rdb1 Bb6 29. Rxb8+ Rxb8 30. Rd1 Rd8 31. Rxd8+ Bxd8 32. Kf1 Kf7
33. Ke1 Ke6 34. c4 Ke5 35. Kd2 Kd4 36. Kc2 c5 37. Kb3 f4 38. Kc2 f3 39. gxf3
exf3 40. Bxf3 Kxc4 41. Bc6 Bh4 42. f3 Bg5 43. Bb5+ Kd4 44. Bc6 c4 45. Bb5 c3
46. Bc6 a5 47. Bb5 Bd2 48. Bc6 g5 49. Bd7 Ke3 50. Bc6 Kf4 51. Bd5 Kg3 52. Be4
h6 53. Bf5 Kxf3 54. Bg4+ Kg3 55. Bh5 Kxh3 56. Bg6 g4 57. Bf5 Kg3 58. Kd1 h5 59.
Ke2 h4 60. Kf1 h3 61. Kg1 Kf4 62. Bg6 g3 63. Bd3 Be3+ 64. Kh1 g2+ 0-1

[Event "Spring TNM"]
[Site "San Francisco"]
[Date "2006.05.16"]
[Round "8"]
[White "Gray, William"]
[Black "Margulis, Igor"]
[Result "1-0"]
[WhiteElo "2022"]
[BlackElo "2227"]
[PlyCount "57"]
[EventDate "2006.03.28"]
[EventType "swiss"]
[EventRounds "8"]
[EventCountry "USA"]

1. e4 e5 2. Nf3 d6 3. d4 exd4 4. Nxd4 g6 5. Nc3 Bg7 6. Bf4 Nc6 7. Nb3 Nf6 8.
Qd2 O-O 9. Bh6 Re8 10. O-O-O Bh8 11. f3 a5 12. a4 Be6 13. h4 Bxb3 14. cxb3 Nb4
15. h5 Qe7 16. hxg6 hxg6 17. Bc4 Nh7 18. g4 Bf6 19. Be3 Nf8 20. Rh2 d5 21. Nxd5
Nxd5 22. Bxd5 c6 23. Bc4 Red8 24. Qe2 Rxd1+ 25. Qxd1 Nd7 26. Qc2 Ne5 27. Be2
Qe6 28. Rg2 b5 29. f4 {remainder illegible} 1-0

[Event "Spring TNM"]
[Site "San Francisco"]
[Date "2006.05.16"]
[Round "8"]
[White "Grey, Peter"]
[Black "Shankland, Sam"]
[Result "1/2-1/2"]
[WhiteElo "2000"]
[BlackElo "2106"]
[PlyCount "90"]
[EventDate "2006.03.28"]
[EventType "swiss"]
[EventRounds "8"]
[EventCountry "USA"]

1. Nf3 d5 2. d4 Nf6 3. c4 e6 4. g3 Nbd7 5. Bg2 dxc4 6. O-O Be7 7. Nbd2 O-O 8.
Nxc4 c5 9. Bf4 Nd5 10. Bd6 b5 11. Bxe7 Qxe7 12. Nce5 Nxe5 13. Nxe5 Bb7 14. dxc5
Qxc5 15. Nd7 Qc4 16. Nxf8 Rxf8 17. Qb3 Qxb3 18. axb3 a6 19. Rfc1 Rd8 20. Rd1
Rc8 21. Rac1 Rxc1 22. Rxc1 Kf8 23. e4 Nb4 24. Rc7 Bc6 25. e5 Bxg2 26. Kxg2 Nd3
27. f4 Nxb2 28. Ra7 Nd3 29. Rxa6 Nc5 30. Rb6 Nxb3 31. Rxb5 Nd4 32. Rb8+ Ke7 33.
Rb7+ Kf8 34. Kf2 g6 35. g4 Nc6 36. h4 h5 37. gxh5 gxh5 38. Rb1 Kg7 39. Rg1+ Kh6
40. Rd1 Kg6 41. Rd7 Nb4 42. Kf3 Nd5 43. Ke4 Nc3+ 44. Kd3 Nd5 45. Ke4 Nc3+
1/2-1/2

[Event "Spring TNM"]
[Site "San Francisco"]
[Date "2006.05.16"]
[Round "8"]
[White "Hoo, Jonathan Soo"]
[Black "Dunham, Tom"]
[Result "1-0"]
[WhiteElo "1824"]
[BlackElo "1363"]
[PlyCount "71"]
[EventDate "2006.03.28"]
[EventType "swiss"]
[EventRounds "8"]
[EventCountry "USA"]

1. e4 c5 2. Nf3 d6 3. d4 cxd4 4. Nxd4 Nf6 5. Nc3 a6 6. Bc4 e6 7. O-O b5 8. Bb3
Be7 9. Re1 b4 10. Na4 O-O 11. c3 bxc3 12. Nxc3 Qb6 13. Be3 Qb7 14. Qf3 Nbd7 15.
Qg3 Ne5 16. f4 Neg4 17. e5 dxe5 18. fxe5 Nxe3 19. exf6 Bxf6 20. Qxe3 Qb6 21.
Nf3 Qxe3+ 22. Rxe3 Rb8 23. Rd1 h6 24. Red3 Re8 25. Nd2 Bb7 26. Nc4 Ba8 27. Rd7
Rbd8 28. Kf2 Bc6 29. Rc7 Rxd1 30. Nxd1 Bd4+ 31. Nde3 Bb5 32. Nd6 f5 33. Nxe8 f4
34. Nd6 fxe3+ 35. Ke1 Kf8 36. Nxb5 1-0

[Event "Spring TNM"]
[Site "San Francisco"]
[Date "2006.05.16"]
[Round "8"]
[White "Mar, Henry"]
[Black "Regan, Jack"]
[Result "1-0"]
[WhiteElo "1537"]
[BlackElo "1550"]
[PlyCount "113"]
[EventDate "2006.03.28"]
[EventType "swiss"]
[EventRounds "8"]
[EventCountry "USA"]

1. d4 Nf6 2. Nf3 e6 3. e3 d5 4. Bd3 c5 5. c3 cxd4 6. cxd4 b6 7. O-O Ba6 8. Qa4+
b5 9. Bxb5+ Bxb5 10. Qxb5+ Nbd7 11. Ne5 Bd6 12. Nc6 Qc7 13. g3 O-O 14. Nc3 Rfc8
15. Ne5 Bxe5 16. dxe5 Nxe5 17. Qe2 Rab8 18. Rb1 Qc6 19. f3 Nfd7 20. Bd2 Nc4 21.
Bc1 Na3 22. Ra1 Nc4 23. b3 Nxe3 24. Bxe3 Qxc3 25. Rfc1 Qe5 26. Qd2 Qd6 27. Bxa7
Ra8 28. Rxc8+ Rxc8 29. Rc1 Rxc1+ 30. Qxc1 f6 31. a3 Ne5 32. Kg2 Nc6 33. Bc5 Qb8
34. b4 d4 35. Qc4 Kf7 36. Bxd4 Qa8 37. Bb2 Ke7 38. Qc5+ Kd7 39. b5 Na5 40. Qd4+
Qd5 41. Qa7+ Nb7 42. Qd4 Qxd4 43. Bxd4 Kd6 44. b6 Kc6 45. Kf2 Kb5 46. Ke2 Kc4
47. Be3 Kb3 48. Bc1 Kc2 49. Bd2 Kb3 50. Bb4 Kc4 51. Ke3 Kb5 52. f4 Kxb6 53. Kd4
Nd8 54. Kc4 Nc6 55. Bf8 g6 56. Bg7 f5 57. a4 {remainder illegible} 1-0

[Event "Spring TNM"]
[Site "San Francisco"]
[Date "2006.05.16"]
[Round "8"]
[White "Olsen, Lance"]
[Black "Braden, Brian"]
[Result "1-0"]
[WhiteElo "903"]
[BlackElo "1134"]
[PlyCount "49"]
[EventDate "2006.03.28"]
[EventType "swiss"]
[EventRounds "8"]
[EventCountry "USA"]

1. e4 e5 2. f4 f6 3. fxe5 Qe7 4. d4 fxe5 5. dxe5 Qh4+ 6. Kd2 Qxe4 7. Bd3 Qxe5
8. Nh3 d6 9. Re1 Nc6 10. Rxe5+ Nxe5 11. Qe2 Nf6 12. Nc3 Bg4 13. Qe3 Be7 14. Nb5
Nd5 15. Qe4 c6 16. b3 a6 17. Nd4 O-O 18. Qxh7+ Kf7 19. Bb2 Rh8 20. Rf1+ Nf6 21.
Ng5+ Ke8 22. Qxh8+ Bf8 23. Nde6 Bxe6 24. Nxe6 Nf7 25. Qxf8+ 1-0

[Event "Spring TNM"]
[Site "San Francisco"]
[Date "2006.05.16"]
[Round "8"]
[White "Ossipov, Victor"]
[Black "Dembling, Arthur"]
[Result "1-0"]
[WhiteElo "2135"]
[BlackElo "1674"]
[PlyCount "129"]
[EventDate "2006.03.28"]
[EventType "swiss"]
[EventRounds "8"]
[EventCountry "USA"]

1. d4 Nf6 2. Nf3 e6 3. Bg5 c5 4. e3 Qa5+ 5. c3 Be7 6. Nbd2 cxd4 7. exd4 b6 8.
Nc4 Qd5 9. Ne3 Qb7 10. Be2 O-O 11. O-O Qc7 12. Bh4 d6 13. Nd2 Bb7 14. Bf3 Bxf3
15. Qxf3 Nc6 16. Bg3 Rfd8 17. a4 Rac8 18. Rfd1 Qb7 19. d5 Ne5 20. Bxe5 dxe5 21.
dxe6 Qxf3 22. exf7+ Kxf7 23. Nxf3 e4 24. Ng5+ Kg6 25. Ne6 Rxd1+ 26. Rxd1 Rc6
27. Nd4 Rc5 28. c4 Rc7 29. b3 Rd7 30. Nc6 Rxd1+ 31. Nxd1 Bc5 32. Nxa7 Ng4 33.
Nc6 e3 34. fxe3 Nxe3 35. Nxe3 Bxe3+ 36. Kf1 Kf5 37. Ke2 Ke4 38. h3 g6 39. Ne7
Bc5 40. Nd5 Bd4 41. b4 h6 42. g4 h5 43. gxh5 gxh5 44. a5 bxa5 45. bxa5 Bc5 46.
a6 Kd4 47. Ne7 Kxc4 48. Nc6 Kd5 49. a7 Bxa7 50. Nxa7 Ke4 51. Kf2 Kf4 52. Nc6
Kg5 53. Kg3 h4+ 54. Kf3 Kf5 55. Nd4+ Kg5 56. Ke4 Kg6 57. Kf4 Kh5 58. Nf5 Kg6
59. Kg4 Kf6 60. Nxh4 Kg7 61. Kg5 Kh7 62. Nf5 Kh8 63. Kg6 Kg8 64. Nh6+ Kf8 65.
Nf7 1-0

[Event "Spring TNM"]
[Site "San Francisco"]
[Date "2006.05.16"]
[Round "8"]
[White "Regan, Neil"]
[Black "Moore, Randolph"]
[Result "1-0"]
[WhiteElo "1900"]
[BlackElo "1508"]
[PlyCount "61"]
[EventDate "2006.03.28"]
[EventType "swiss"]
[EventRounds "8"]
[EventCountry "USA"]

1. e4 e5 2. d4 exd4 3. Bc4 Nc6 4. c3 d3 5. Nf3 Nge7 6. O-O Ng6 7. Bxd3 Be7 8.
Nd4 O-O 9. f4 d6 10. Qh5 Nxd4 11. cxd4 Re8 12. Nc3 c6 13. Be3 Nf8 14. Rad1 g6
15. Qh6 Bf6 16. f5 Bg7 17. Qh3 Qe7 18. Rf3 d5 19. e5 Qc7 20. Qh4 Qd8 21. Bg5
Qc7 22. f6 Bh8 23. Bh6 Ne6 24. Rg3 Qb6 25. Bf5 Nf8 26. Bxf8 Bxf5 27. Bc5 Qc7
28. Rf1 Qd7 29. Qh6 Bg4 30. Rf4 Bh5 31. Qxh5 1-0

[Event "Spring TNM"]
[Site "San Francisco"]
[Date "2006.05.16"]
[Round "8"]
[White "Rich, Albert"]
[Black "Wong, Russell"]
[Result "1-0"]
[WhiteElo "2262"]
[BlackElo "2200"]
[PlyCount "57"]
[EventDate "2006.03.28"]
[EventType "swiss"]
[EventRounds "8"]
[EventCountry "USA"]

1. d4 Nf6 2. c4 c5 3. d5 e5 4. Nc3 d6 5. e4 Be7 6. g3 O-O 7. Bg2 Nbd7 8. Nge2
a6 9. O-O Ne8 10. Qd3 Rb8 11. a4 b6 12. Be3 g6 13. Bh6 Ng7 14. f4 exf4 15. gxf4
f5 16. Ng3 fxe4 17. Ncxe4 Nf6 18. Qc3 Nfe8 19. Rae1 Rb7 20. b3 Bh4 21. Ng5 Qf6
22. Qxf6 Nxf6 23. Ne6 Bxe6 24. dxe6 Re7 25. Bd5 Nfh5 26. Nxh5 Bxe1 27. Bxg7 Bh4
28. Bxf8 Kxf8 29. Ng3 1-0

[Event "Spring TNM"]
[Site "San Francisco"]
[Date "2006.05.16"]
[Round "8"]
[White "Russell, Joe"]
[Black "Sherwood, Peter"]
[Result "0-1"]
[WhiteElo "1529"]
[BlackElo "1755"]
[PlyCount "74"]
[EventDate "2006.03.28"]
[EventType "swiss"]
[EventRounds "8"]
[EventCountry "USA"]

1. e4 e6 2. d4 d5 3. exd5 exd5 4. Nf3 Bd6 5. Bd3 Ne7 6. O-O Bg4 7. Re1 Nbc6 8.
c3 Qd7 9. Nbd2 O-O-O 10. b4 Nf5 11. Bb2 Rhe8 12. Qb3 Nce7 13. a4 c6 14. Ne5
Bxe5 15. Rxe5 f6 16. Ree1 Nd6 17. Ba3 Bf5 18. Bxf5 Nexf5 19. b5 Rxe1+ 20. Rxe1
Re8 21. Rxe8+ Nxe8 22. bxc6 bxc6 23. Bc5 Qb7 24. Qc2 g6 25. c4 Nc7 26. g4 Ng7
27. cxd5 Nxd5 28. Nc4 Kd7 29. Nd6 Qb8 30. Qe4 {draw offer} Ne6 31. h4 Qb3 32.
h5 Ndf4 33. hxg6 hxg6 34. Qe3 Qd1+ 35. Kh2 Qxg4 36. Qg3 Qh5+ 37. Kg1 Ne2+ 0-1

[Event "Spring TNM"]
[Site "San Francisco"]
[Date "2006.05.16"]
[Round "8"]
[White "Sainz, Guadalupe"]
[Black "Penoyer, Flyn"]
[Result "0-1"]
[WhiteElo "1774"]
[BlackElo "1800"]
[PlyCount "68"]
[EventDate "2006.03.28"]
[EventType "swiss"]
[EventRounds "8"]
[EventCountry "USA"]

1. d4 Nf6 2. c4 e5 3. d5 Bc5 4. Nc3 h6 5. e3 O-O 6. Nf3 d6 7. Qc2 c6 8. Bd2 Re8
9. h3 a5 10. e4 Bd7 11. Be2 Qc8 12. a3 Na6 13. Na4 b5 14. Nc3 b4 15. Nd1 cxd5
16. exd5 Nxd5 17. Qe4 Nf4 18. Kf1 Bf5 19. Qxa8 Qxa8 20. Ne3 Bxe3 21. Bxe3 Nxe2
22. Kxe2 Qe4 23. Rac1 Qd3+ 24. Ke1 bxa3 25. bxa3 Rb8 26. Nd2 Qxa3 27. Ke2 h5
28. Rhd1 Bd3+ 29. Kf3 h4 30. g4 Rb2 31. Kg2 Qb4 32. Kh2 a4 33. Nf3 Be2 34. Bd2
Qb3 0-1

[Event "Spring TNM"]
[Site "San Francisco"]
[Date "2006.05.16"]
[Round "8"]
[White "Samatra, Mario"]
[Black "Dupree, Charles"]
[Result "1/2-1/2"]
[WhiteElo "1914"]
[BlackElo "1721"]
[PlyCount "55"]
[EventDate "2006.03.28"]
[EventType "swiss"]
[EventRounds "8"]
[EventCountry "USA"]

1. d4 Nf6 2. Bg5 h6 3. Bxf6 gxf6 4. e3 d6 5. Bc4 Bf5 6. Qf3 Qc8 7. e4 Bg6 8.
Ne2 Nc6 9. Nbc3 Bg7 10. O-O-O f5 11. Rhe1 fxe4 12. Nxe4 Qf5 13. Qxf5 Bxf5 14.
f3 O-O-O 15. Bxf7 Rhf8 16. Bb3 Bxe4 17. fxe4 Rf2 18. Be6+ Kb8 19. Bh3 Rdf8 20.
c3 Nd8 21. Ng3 Bf6 22. Rf1 Bh4 23. Rxf2 Rxf2 24. Nf5 Bg5+ 25. Kb1 Nf7 26. a4 c6
27. Re1 Bd2 28. Rd1 1/2-1/2

[Event "Spring TNM"]
[Site "San Francisco"]
[Date "2006.05.16"]
[Round "8"]
[White "Starr, Albert"]
[Black "Lupton, Stephen"]
[Result "1-0"]
[WhiteElo "1516"]
[BlackElo "1349"]
[PlyCount "99"]
[EventDate "2006.03.28"]
[EventType "swiss"]
[EventRounds "8"]
[EventCountry "USA"]

1. b4 e5 2. b5 c5 3. c4 Nf6 4. Bb2 Qc7 5. Nf3 d6 6. e3 Be7 7. d3 O-O 8. Be2 e4
9. dxe4 Nxe4 10. O-O Be6 11. Nbd2 d5 12. Nxe4 dxe4 13. Nd2 Rd8 14. Qc2 f5 15.
a4 Nd7 16. a5 Nf6 17. a6 b6 18. Rfd1 Rd7 19. Nf1 Rad8 20. Rxd7 Rxd7 21. Rd1 Ng4
22. Rxd7 Qxd7 23. Qd2 Qd6 24. Qxd6 Bxd6 25. Nd2 Bxh2+ 26. Kf1 Bd6 27. Ke1 Ne5
28. g3 Nd3+ 29. Bxd3 exd3 30. f4 h6 31. Kf2 Kf7 32. Kf3 Kg6 33. e4 Bf8 34. Be5
Kh5 35. Bb8 g5 36. Bxa7 fxe4+ 37. Kxe4 Kg4 38. Bxb6 Bc8 39. a7 Bb7+ 40. Kxd3
gxf4 41. gxf4 Kxf4 42. Bd8 Ke5 43. Nb3 Kd6 44. Na5 Bg2 45. Nc6 Bf1+ 46. Kc3 Bg2
47. a8=Q Bg7+ 48. Kb3 Bd4 49. Qb8+ Ke6 50. Nxd4+ 1-0

[Event "Spring TNM"]
[Site "San Francisco"]
[Date "2006.05.16"]
[Round "8"]
[White "Thornally, Frank"]
[Black "Purcell, Brendan"]
[Result "1-0"]
[WhiteElo "2200"]
[BlackElo "1891"]
[PlyCount "43"]
[EventDate "2006.03.28"]
[EventType "swiss"]
[EventRounds "8"]
[EventCountry "USA"]

1. d4 d5 2. Nf3 Nf6 3. c4 c6 4. e3 a6 5. Bd3 Bg4 6. Nbd2 Bxf3 7. Nxf3 e6 8. O-O
Nbd7 9. b3 Bd6 10. Bb2 O-O 11. Ne5 c5 12. f4 Rc8 13. Nxd7 Qxd7 14. dxc5 Bxc5
15. Bxf6 Bxe3+ 16. Kh1 gxf6 17. Bxh7+ Kxh7 18. Qh5+ Kg7 19. Qg4+ Kh7 20. Rf3
Bxf4 21. Rh3+ Bh6 22. Qh5 1-0

[Event "Spring TNM"]
[Site "San Francisco"]
[Date "2006.05.16"]
[Round "8"]
[White "Wilkerson, Max"]
[Black "Chan, John"]
[Result "0-1"]
[WhiteElo "1900"]
[BlackElo "1693"]
[PlyCount "80"]
[EventDate "2006.03.28"]
[EventType "swiss"]
[EventRounds "8"]
[EventCountry "USA"]

1. Nf3 d6 2. d4 Nf6 3. g3 c6 4. Bg2 Bg4 5. c4 Qc8 6. Qb3 Nbd7 7. h3 Bxf3 8.
Qxf3 e5 9. Qd3 Be7 10. Nc3 Rb8 11. e3 Nb6 12. b3 Qe6 13. O-O O-O 14. Bb2 Rfd8
15. Qc2 g6 16. Rae1 Qc8 17. f4 exd4 18. exd4 Qd7 19. f5 d5 20. fxg6 hxg6 21. c5
Na8 22. Qf2 Rf8 23. Rxe7 Qxe7 24. Qxf6 Qxf6 25. Rxf6 Nc7 26. Ne2 Rfe8 27. Kf2
Kg7 28. Rf3 Ne6 29. h4 Re7 30. g4 Rbe8 31. Bc3 Ng5 32. Ng3 Nxf3 33. Bxf3 Re3
34. Bd2 Rd3 35. Nf1 f6 36. Be3 Rc3 37. Bd1 a6 38. g5 fxg5 39. Bxg5 Rf8+ 40. Ke1
Rd3 0-1

[Event "Lovegrove Senior Open"]
[Site "San Francisco"]
[Date "2006.04.01"]
[Round "1"]
[White "Marshall Jr, Herd"]
[Black "Chen, Mingson"]
[Result "0-1"]
[WhiteElo "1362"]
[BlackElo "1929"]
[PlyCount "59"]
[EventDate "2006.04.01"]
[EventType "swiss"]
[EventRounds "4"]
[EventCountry "USA"]

1. c4 b6 2. e4 Bb7 3. Nc3 e6 4. Nf3 c5 5. Be2 d6 6. d4 cxd4 7. Nxd4 Nf6 8. Bg5
Nbd7 9. Bf3 Qc7 10. O-O a6 11. Bxf6 Nxf6 12. Re1 Nd7 13. Qd3 Be7 14. Bh5 O-O
15. Nce2 Nc5 16. Qc2 Bxe4 17. Qc3 Rac8 18. Ng3 Ba8 19. Re3 Bg5 20. Ree1 Bf6 21.
Qd2 g6 22. Bg4 Bg7 23. b3 b5 24. Nge2 bxc4 25. Rac1 cxb3 26. Bxe6 fxe6 27. Nxe6
Qc6 28. f3 Nxe6 29. axb3 Qb6+ 30. Kh1 {remainder illegible} 0-1

[Event "Lovegrove Senior Open"]
[Site "San Francisco"]
[Date "2006.04.01"]
[Round "1"]
[White "Penoyer, Flyn"]
[Black "Ossipov, Victor"]
[Result "0-1"]
[WhiteElo "1800"]
[BlackElo "2135"]
[PlyCount "65"]
[EventDate "2006.04.01"]
[EventType "swiss"]
[EventRounds "4"]
[EventCountry "USA"]

1. d4 d5 2. Nc3 e6 3. e4 Nf6 4. Bg5 dxe4 5. Nxe4 Be7 6. Bxf6 Bxf6 7. Nf3 O-O 8.
c3 b6 9. Bd3 Bb7 10. O-O Nd7 11. Re1 Be7 12. Qc2 h6 13. Rad1 Re8 14. b4 Nf6 15.
Ne5 Nd5 16. Bb5 Rf8 17. a3 a5 18. Bc6 Qc8 19. Rb1 Bd6 20. Bxb7 Qxb7 21. Nxd6
cxd6 22. Nd3 axb4 23. axb4 b5 24. Qb3 Rfc8 25. Rec1 Qc6 26. Rb2 Nb6 27. Rbc2
Ra7 28. Ra2 Rxa2 29. Qxa2 Nd5 30. c4 bxc4 31. Nb2 c3 32. Nd3 Qb5 33. Qa5 0-1

[Event "Lovegrove Senior Open"]
[Site "San Francisco"]
[Date "2006.04.01"]
[Round "1"]
[White "Shipman, Walter"]
[Black "McCalley, Rod"]
[Result "1-0"]
[WhiteElo "2212"]
[BlackElo "1800"]
[PlyCount "53"]
[EventDate "2006.04.01"]
[EventType "swiss"]
[EventRounds "4"]
[EventCountry "USA"]

1. d4 Nf6 2. g3 g6 3. Bg2 Bg7 4. e4 d6 5. Nc3 O-O 6. Nge2 c5 7. O-O Nc6 8. d5
Ne5 9. h3 a6 10. a4 Rb8 11. f4 Ned7 12. Rb1 b5 13. axb5 axb5 14. b4 cxb4 15.
Na2 Nc5 16. e5 dxe5 17. Nxb4 Bd7 18. fxe5 Nfe4 19. Qd4 f5 20. exf6 Bxf6 21.
Rxf6 Rxf6 22. Bxe4 Nxe4 23. Qxe4 Qb6+ 24. Be3 Bf5 25. Qxe7 Qd6 26. Qxd6 Rxd6
27. Bf4 1-0

[Event "Lovegrove Senior Open"]
[Site "San Francisco"]
[Date "2006.04.01"]
[Round "1"]
[White "Snyder, Larry"]
[Black "Salvo, Tab"]
[Result "1-0"]
[WhiteElo "2045"]
[BlackElo "1736"]
[PlyCount "33"]
[EventDate "2006.04.01"]
[EventType "swiss"]
[EventRounds "4"]
[EventCountry "USA"]

1. e4 d6 2. d4 Nf6 3. Nc3 g6 4. Bg5 Bg7 5. f4 O-O 6. Qd2 c6 7. O-O-O Nbd7 8.
Nf3 Re8 9. g4 Rb8 10. f5 Nf8 11. h4 a5 12. h5 a4 13. hxg6 fxg6 14. Bh6 e6 15.
Bxg7 Kxg7 16. fxg6 hxg6 17. Qh6+ {remainder illegible} 1-0

[Event "Lovegrove Senior Open"]
[Site "San Francisco"]
[Date "2006.04.01"]
[Round "2"]
[White "Chen, Mingson"]
[Black "Shipman, Walter"]
[Result "0-1"]
[WhiteElo "1929"]
[BlackElo "2212"]
[PlyCount "114"]
[EventDate "2006.04.01"]
[EventType "swiss"]
[EventRounds "4"]
[EventCountry "USA"]

1. e4 e5 2. Nf3 Nc6 3. c3 Nf6 4. d3 Be7 5. Nbd2 d5 6. Be2 a5 7. b3 O-O 8. Bb2
Re8 9. a3 Bf8 10. O-O h6 11. Re1 dxe4 12. dxe4 Be6 13. Qc2 Nd7 14. Bc4 Nc5 15.
Rad1 Qe7 16. b4 Nd7 17. b5 Na7 18. a4 Rad8 19. Bxe6 Qxe6 20. Nf1 Nb6 21. Ne3
Bc5 22. Bc1 Nac8 23. Nf1 Nd6 24. Be3 Qc4 25. Bxc5 Qxc5 26. Ne3 Ndc4 27. Rxd8
Rxd8 28. Nxc4 Nxc4 29. Rd1 Rxd1+ 30. Qxd1 Nd6 31. Qc2 f6 32. Nd2 Qa3 33. g3 b6
34. Kg2 Kh7 35. h4 Qc5 36. Qd3 Nb7 37. Nc4 Qe7 38. Kf3 Nc5 39. Qd1 Qf7 40. Ne3
Qh5+ 41. Ng4 f5 42. exf5 Qxf5+ 43. Kg2 Qe4+ 44. Kh3 Qxa4 45. Qd5 h5 46. Nf6+
Kg6 47. Nxh5 Kxh5 48. Qxe5+ Kg6 49. Qe8+ Kf6 50. Qf8+ Ke6 51. Qe8+ Kd5 52. Qf7+
Ne6 53. Qd7+ Ke5 54. f4+ Kf6 55. f5 Kxf5 56. Qf7+ Ke5 57. Qh5+ Kd6 0-1

[Event "Lovegrove Senior Open"]
[Site "San Francisco"]
[Date "2006.04.01"]
[Round "2"]
[White "McCalley, Rod"]
[Black "Samatra, Mario"]
[Result "1-0"]
[WhiteElo "1800"]
[BlackElo "1914"]
[PlyCount "133"]
[EventDate "2006.04.01"]
[EventType "swiss"]
[EventRounds "4"]
[EventCountry "USA"]

1. e4 c5 2. Nf3 Nc6 3. d4 cxd4 4. Nxd4 g6 5. c4 Bg7 6. Be3 Nf6 7. Nc3 Ng4 8.
Qxg4 Nxd4 9. Qd1 Ne6 10. Qd2 O-O 11. Be2 d6 12. O-O Bd7 13. Rac1 Bc6 14. Nd5
Re8 15. f3 b6 16. b3 Rc8 17. Rfd1 Bb7 18. Bd3 Bd4 19. Bb1 Bxe3+ 20. Qxe3 Nc5
21. e5 Bxd5 22. Rxd5 Qc7 23. exd6 exd6 24. Qh6 Qe7 25. Rcd1 Rcd8 26. Qf4 Qe3+
27. Qxe3 Rxe3 28. Kf2 Re6 29. Bc2 a5 30. a3 Kf8 31. b4 axb4 32. axb4 Nb7 33.
Rb5 d5 34. Rbxd5 Ke7 35. Rxd8 Nxd8 36. Be4 f5 37. Bd5 Rd6 38. Re1+ Kd7 39. b5
Ne6 40. Bxe6+ Rxe6 41. Rxe6 Kxe6 42. Ke3 g5 43. Kd4 Kd6 44. c5+ bxc5+ 45. Kc4
f4 46. h3 h6 47. b6 Kc6 48. b7 Kxb7 49. Kxc5 Kc7 50. Kd5 Kd7 51. Ke5 Ke7 52.
Kf5 Kf7 53. h4 gxh4 54. Kxf4 Kg6 55. Kg4 Kf6 56. Kxh4 Kg6 57. g4 Kf7 58. Kh5
Kg7 59. f4 Kh7 60. f5 Kg7 61. f6+ Kh7 62. g5 hxg5 63. Kxg5 Kh8 64. Kh6 Kg8 65.
Kg6 Kh8 66. Kf7 Kh7 67. Ke7 1-0

[Event "Lovegrove Senior Open"]
[Site "San Francisco"]
[Date "2006.04.01"]
[Round "2"]
[White "Salvo, Tab"]
[Black "Penoyer, Flyn"]
[Result "1-0"]
[WhiteElo "1736"]
[BlackElo "1800"]
[PlyCount "105"]
[EventDate "2006.04.01"]
[EventType "swiss"]
[EventRounds "4"]
[EventCountry "USA"]

1. Nf3 d5 2. c4 c6 3. b3 Nf6 4. g3 Bf5 5. Bg2 Nbd7 6. Bb2 e6 7. O-O Bd6 8. d3
O-O 9. Nbd2 Re8 10. Re1 Qb6 11. e4 dxe4 12. dxe4 Ng4 13. Bd4 c5 14. Bc3 Bg6 15.
h3 Nge5 16. Qe2 Rad8 17. Nh4 Be7 18. Nxg6 Nxg6 19. f4 Bf6 20. e5 Be7 21. Rf1
Qc7 22. Rae1 f5 23. exf6 Bxf6 24. Bxf6 Nxf6 25. Ne4 Qe7 26. Nxf6+ gxf6 27. Qg4
Rd4 28. Be4 Rxe4 29. Rxe4 f5 30. Qe2 fxe4 31. Qxe4 Qd7 32. Kh2 Qd2+ 33. Kh1 Qd7
34. Re1 Qc6 35. Qxc6 bxc6 36. Rd1 e5 37. f5 Nf8 38. Kg1 Kf7 39. Rd6 Rc8 40. Kf2
Ke7 41. Rh6 Kf7 42. Ke3 Kg7 43. Rd6 Rc7 44. g4 h6 45. Ke4 Nd7 46. Rg6+ Kh7 47.
h4 Rc8 48. Re6 Rg8 49. Kf3 Rg7 50. Rxc6 e4+ 51. Kf4 e3 52. Re6 a5 53. Rxe3 {
remainder illegible} 1-0

[Event "Lovegrove Senior Open"]
[Site "San Francisco"]
[Date "2006.04.02"]
[Round "3"]
[White "Falk, Charles"]
[Black "Salvo, Tab"]
[Result "0-1"]
[WhiteElo "1301"]
[BlackElo "1736"]
[PlyCount "96"]
[EventDate "2006.04.01"]
[EventType "swiss"]
[EventRounds "4"]
[EventCountry "USA"]

1. b4 Nf6 2. Bb2 g6 3. b5 Bg7 4. e3 O-O 5. Nf3 d6 6. d3 c5 7. Nbd2 b6 8. h3 Bb7
9. e4 Nbd7 10. Nh4 e5 11. Be2 d5 12. Bf3 d4 13. Qe2 Ne8 14. g3 Nd6 15. c4 dxc3
16. Bxc3 Nxb5 17. Bb2 Nd6 18. O-O Qe7 19. Qe3 Rad8 20. Bg2 Nb5 21. Nc4 Nd4 22.
Rac1 Ba6 23. Nf3 Rfe8 24. Nxd4 cxd4 25. Qe2 Nc5 26. Ba3 Qg5 27. Rc2 Bc8 28. Bc1
Qe7 29. h4 f6 30. Rd1 Bf8 31. h5 Be6 32. hxg6 hxg6 33. f4 exf4 34. gxf4 Qd7 35.
Qf2 Bg4 36. Rdd2 b5 37. Nb2 Kg7 38. Qh4 f5 39. e5 Be7 40. Qg3 Rh8 41. Bf1 Bh4
42. Qg2 Ne6 43. Qc6 Qxc6 44. Rxc6 Kf7 45. Rdc2 Bf3 46. Ra6 Rd7 47. Be2 Bd5 48.
Ra5 Bg3 0-1

[Event "Lovegrove Senior Open"]
[Site "San Francisco"]
[Date "2006.04.02"]
[Round "3"]
[White "McCalley, Rod"]
[Black "Marshall Jr, Herd"]
[Result "1-0"]
[WhiteElo "1800"]
[BlackElo "1362"]
[PlyCount "49"]
[EventDate "2006.04.01"]
[EventType "swiss"]
[EventRounds "4"]
[EventCountry "USA"]

1. c4 e5 2. Nc3 Bb4 3. Nf3 Nf6 4. Qc2 b6 5. Nxe5 Bb7 6. d3 Nc6 7. Nxc6 Bxc6 8.
e4 O-O 9. Bg5 h6 10. Bh4 Re8 11. O-O-O d6 12. a3 Bxc3 13. Qxc3 a5 14. f4 Qc8
15. Bxf6 gxf6 16. Qxf6 Re6 17. Qh4 Kh7 18. Be2 Bd7 19. f5 Re8 20. Qf6 Rf8 21.
g4 b5 22. g5 hxg5 23. Qxg5 Qd8 24. f6 Rg8 25. Qh5# 1-0